| 000 | 00974nam a2200313 c 4500 | ||
|---|---|---|---|
| 003 | BLK | ||
| 005 | 20231216141751.0 | ||
| 008 | 180408b bul|||||r ||||||| ||bul|| | ||
| 010 | _aKNG00041361000 | ||
| 020 |
_a0-696-01796-2 _bиздат.: Meredith Corporation |
||
| 040 | _aBLK | ||
| 041 |
_aENG _cENG |
||
| 080 |
_aНационални народни празници. Народни развлечения _b394.2 _x _z394.2 |
||
| 139 |
_aChristmas crafts 1989 _bC 56 |
||
| 245 | 1 | 0 | _aChristmas crafts 1989 |
| 257 | _aUSA | ||
| 260 |
_аDes Moines _bMeredith Corporation _c1989 |
||
| 300 |
_a160 c _bс ил. _c28 см |
||
| 380 | _a3 | ||
| 490 | 1 | _aBetter Homes and Gardens | |
| 650 | 4 |
_aНародни празници _9276021 |
|
| 653 | _aнародни празници | ||
| 852 | _aЦб ІІ 10546 | ||
| 856 | 4 |
_qpdf _u |
|
| 856 | 4 |
_qpdf _u |
|
| 942 |
_cKNG _n0 _01 |
||
| 944 |
_aCR _c15.01.2003 _k30551 _lБояна Костадинова |
||
| 944 |
_aED _c03.10.2006 _k |
||
| 999 |
_c38162 _d38162 |
||